ბათუმის შოთა რუსთაველის სახელმწიფო უნივერსიტეტის ბიბლიოთეკა

მტაცებლები. (ბიბ.ჩანაწერი № 40474)

000 -LEADER
fixed length control field 00990nam a2200253Ia 4500
001 - CONTROL NUMBER
control field 7085
003 - CONTROL NUMBER IDENTIFIER
control field GE_BSU
008 - FIXED-LENGTH DATA ELEMENTS--GENERAL INFORMATION
fixed length control field 181216s||||||||xx |||||||||||||| ||und||
020 ## - INTERNATIONAL STANDARD BOOK NUMBER
International Standard Book Number 9789994042791.
040 ## - CATALOGING SOURCE
Transcribing agency GE_BSU
080 ## - UNIVERSAL DECIMAL CLASSIFICATION NUMBER
Universal Decimal Classification number 087.5:599.74
100 ## - MAIN ENTRY--PERSONAL NAME
Personal name სეიდენსტიკერი, ჯონ; ლამპკინი, სუზან.
245 ## - TITLE STATEMENT
Title მტაცებლები.
245 ## - TITLE STATEMENT
Statement of responsibility, etc. მთარგმნ.ნინო ბელთაძე;რედ:ლია შარვაშიძე;ეკეტერინე სუმბათაშვილი.
250 ## - EDITION STATEMENT
Edition statement (ეს სამყაროა,ISSN1987-8125).
260 ## - PUBLICATION, DISTRIBUTION, ETC.
Place of publication, distribution, etc. თბილისი.
260 ## - PUBLICATION, DISTRIBUTION, ETC.
Name of publisher, distributor, etc. პალიტრა L.
260 ## - PUBLICATION, DISTRIBUTION, ETC.
Date of publication, distribution, etc. 2010.
300 ## - PHYSICAL DESCRIPTION
Extent 64გვ;ილ;27სმ.
300 ## - PHYSICAL DESCRIPTION
Other physical details ლექსიკონი:გვ.62-63.სახელთა საძიებელი;გვ.64.
653 ## - INDEX TERM--UNCONTROLLED
Uncontrolled term მტაცებლები.
942 ## - ADDED ENTRY ELEMENTS (KOHA)
Koha item type წიგნი
ეგზემპლარები
Withdrawn status Lost status Damaged status Not for loan Date acquired Barcode Date last seen Price effective from Koha item type
        2018-12-17 22938 2018-12-17 2018-12-17 წიგნი
        2018-12-17 22939 2018-12-17 2018-12-17 წიგნი